|
|
|
|
| LEADER |
00000nab a2200000 a 4500 |
| 001 |
vtls000099078 |
| 003 |
SK-MaSNL |
| 005 |
20260304073440.0 |
| 008 |
250422c1981 xo 0 slo |
| 015 |
|
|
|a SNBRB19rr/mm-uuuuu
|
| 035 |
|
|
|a CL0109181
|
| 035 |
|
|
|a urn:nbn:sk:snk-ab2om
|
| 035 |
|
|
|a (urnnbn)urn:nbn:sk:snk:ar-a04am4
|
| 035 |
|
|
|a (uuid)91de20e0-739b-4297-adcc-5a161e9adbc8
|
| 040 |
|
|
|a SNKBUCL
|b slo
|c SNKBUCL
|e AACR2
|
| 041 |
0 |
|
|a eng
|
| 044 |
|
|
|a xo
|c SK
|
| 080 |
|
|
|a 537
|2 1981
|
| 245 |
0 |
0 |
|a Effect of annealing on the Barkhausen effect in amorphous Fe-Ni-B-Si alloys
|c Š. Filka ... [et al.]
|
| 300 |
|
|
|b Obr. 3.
|
| 650 |
0 |
7 |
|a zliatiny feromagnetické
|2 snkbucl
|9 1223792
|
| 650 |
0 |
7 |
|a šum Barkhausenov
|2 snkbucl
|9 1353807
|
| 655 |
|
7 |
|a články z novín a časopisov
|2 snkbucl
|9 267496
|
| 700 |
1 |
|
|a Filka, Š.
|4 aut
|9 1353910
|
| 700 |
1 |
|
|a Degro, Ján,
|d 1957-
|4 aut
|9 253610
|
| 700 |
1 |
|
|a Zentko, Anton,
|d 1939-2014
|4 aut
|9 193533
|
| 700 |
1 |
|
|a Duhaj, Pavol,
|d 1923-2008
|4 aut
|9 224804
|
| 773 |
0 |
|
|t Acta physica slovaca
|g Roč. 31, č. 2-3 (1981), s. 173-175
|
| 850 |
|
|
|a Slovenská národná knižnica
|
| 852 |
|
|
|a Slovenská národná knižnica
|
| 958 |
|
|
|a article27
|
| 958 |
|
|
|a RK
|
| 958 |
|
|
|a OND
|
| 958 |
|
|
|a EUIPO
|
| 992 |
|
|
|a RBX
|
| 999 |
|
|
|c 2771521
|d 2773451
|